NFL Coaches Who Were Players - Statistics

General Stats
  • This quiz has been taken 38 times
    6 since last reset
  • The average score is 4 of 29
Answer Stats
Positon Position Now Teams Team Now Coach % Correct
TE HC NYGDAL DET NOS DET Dan Campbell
67%
CB HC NYJHOU DAL JAX NOS NYJ Aaron Glenn
50%
QB HC CHIIND BAL LAC DET CAR LAC Jim Harbaugh
50%
LB HC PITNEP KAN NEP Mike Vrabel
50%
QB HC CHI DEN Sean Payton
50%
QB HC DETDAL NOS Kellen Moore
33%
QB HC NEPDET NYJ MIA LAC MIN Kevin O'Connell
33%
QB HC TBB CIN Zac Taylor
33%
LB HC HOUPHI HOU DeMeco Ryans
17%
CB HC WASSFF TBB Todd Bowles
17%
OT OC CARGBP DAL HOU GBP Adam Stenavich
0%
LB DC CARKAN SEA Aden Durde
0%
TE DC NEP CIN Al Golden
0%
DE DC BALHOU BAL Anthony Weaver
0%
QB OC CLEDET MIN ARI WAS David Blough
0%
CB DC WAS NYG Dennard Wilson
0%
S DC BUF NOS Dennis Allen
0%
QB OC NOSDEN IND CHI NOS Doug Nussmeier
0%
S DC LVR CAR Ejiro Evero
0%
RB OC LACCIN PHI KAN Eric Bieniemy
0%
QB OC BUFCAR NYJ DET NYJ Frank Reich
0%
LB DC SFF ATL Jeff Ulbrich
0%
S DC BUFBAL NYJ DEN NOS CLE BUF Jim Leonhard
0%
LB DC BUFIND MIA NYG CHI DET DET Kelvin Sheppard
0%
QB OC PHI NYG Matt Nagy
0%
QB OC LARMIN SEA PHI Sean Mannion
0%
QB OC WAS ATL Tommy Rees
0%
CB DC NYJIND DEN DEN Vance Joseph
0%
QB OC NEPSEA DET CIN TBB Zac Robinson
0%
No matching quizzes found
Score Distribution
Percent of People with Each Score
Percentile by Number Answered
Your Score History
You have not taken this quiz since the last reset